Adivina la película (2000-2014) - Estadísticas

Estadísticas generales
  • Esta prueba ha sido intentada 157 veces
  • La puntuación promedio es 6 de 10
Estadísticas de respuestas
Imagen Respuesta % Correcto
Gladiator
90%
Alicia en el país de las maravillas
87%
El pianista
84%
El lobo de Wall Street
82%
Guardianes de la galaxia
72%
Interstellar
65%
Wall-E
59%
Django desencadenado
47%
Million Dollar Baby
38%
Piratas del Caribe: en el fin del mundo
13%
No se encontraron pruebas coincidentes
Distribución de puntuación
Porcentaje de gente con cada puntuación
Porcentaje por número respondido
Historial de tus puntuaciones
No has intentado esta prueba.